000
00309nam a22001337a 4500
008
170929b xxu||||| |||| 00| 0 eng d
020
_a
9780312171391
041
_a
eng
080
_2
5TH
_a
37
100
_a
47
101
_a
EDU
245
_a
THE BEDFORD INTRODUCTION TO LITERATURE
_c
MEYER,M
942
_2
udc
_c
BK
999
_c
30836
_d
30836